000
00332nam a2200133Ia 4500
008
170516s9999 xx 000 0 und d
245
_a
Biomedical Applications of Graphene
260
_b
Theranostics
260
_c
2012
300
_a
2:3
650
_x
Medical Technology
650
_x
Medtech
856
_u
http://www.thno.org/v2i3
999
_c
330039
_d
330039